<?xml version="1.0" encoding="UTF-8"?>
<record
    xmlns:xsi="http://www.w3.org/2001/XMLSchema-instance"
    xsi:schemaLocation="http://www.loc.gov/MARC21/slim http://www.loc.gov/standards/marcxml/schema/MARC21slim.xsd"
    xmlns="http://www.loc.gov/MARC21/slim">

  <leader>01419nam0a22003611  4500</leader>
  <controlfield tag="001">v19\rc\1283899</controlfield>
  <controlfield tag="005">20260406071348.0</controlfield>
  <datafield tag="035" ind1=" " ind2=" ">
    <subfield code="a">(NLR Aleph) 004433471</subfield>
  </datafield>
  <datafield tag="090" ind1=" " ind2=" ">
    <subfield code="a">4300648</subfield>
    <subfield code="c">4300648</subfield>
  </datafield>
  <datafield tag="100" ind1=" " ind2=" ">
    <subfield code="a">20060306d1842    |||y0rusy50      ca</subfield>
  </datafield>
  <datafield tag="101" ind1="0" ind2=" ">
    <subfield code="a">rus</subfield>
  </datafield>
  <datafield tag="102" ind1=" " ind2=" ">
    <subfield code="a">RU</subfield>
  </datafield>
  <datafield tag="105" ind1=" " ind2=" ">
    <subfield code="a">y   b   |||a|</subfield>
  </datafield>
  <datafield tag="200" ind1="1" ind2=" ">
    <subfield code="a">&#x423;&#x441;&#x442;&#x43D;&#x43E;&#x435; &#x43F;&#x43E;&#x432;&#x435;&#x441;&#x442;&#x432;&#x43E;&#x432;&#x430;&#x43D;&#x438;&#x435; &#x431;&#x44B;&#x432;&#x448;&#x435;&#x433;&#x43E; &#x437;&#x430;&#x43F;&#x43E;&#x440;&#x43E;&#x436;&#x446;&#x430;, &#x436;&#x438;&#x442;&#x435;&#x43B;&#x44F; &#x415;&#x43A;&#x430;&#x442;&#x435;&#x440;&#x438;&#x43D;&#x43E;&#x441;&#x43B;&#x430;&#x432;&#x441;&#x43A;&#x43E;&#x439; &#x433;&#x443;&#x431;&#x435;&#x440;&#x43D;&#x438;&#x438; &#x438; &#x443;&#x435;&#x437;&#x434;&#x430;, &#x441;&#x435;&#x43B;&#x435;&#x43D;&#x438;&#x44F; &#x41C;&#x438;&#x445;&#x430;&#x439;&#x43B;&#x43E;&#x432;&#x43A;&#x438;, &#x41D;&#x438;&#x43A;&#x438;&#x442;&#x44B; &#x41B;&#x435;&#x43E;&#x43D;&#x442;&#x44C;&#x435;&#x432;&#x438;&#x447;&#x430; &#x41A;&#x43E;&#x440;&#x436;&#x430;</subfield>
    <subfield code="f">[&#x41F;&#x440;&#x435;&#x434;&#x438;&#x441;&#x43B;.: &#x413;&#x430;&#x432;&#x440;&#x438;&#x438;&#x43B;, &#x410;.&#x425;. &#x438; &#x422;.]</subfield>
  </datafield>
  <datafield tag="210" ind1=" " ind2=" ">
    <subfield code="a">&#x41E;&#x434;&#x435;&#x441;&#x441;&#x430;</subfield>
    <subfield code="c">&#x413;&#x43E;&#x440;. &#x442;&#x438;&#x43F;.</subfield>
    <subfield code="d">1842</subfield>
  </datafield>
  <datafield tag="215" ind1=" " ind2=" ">
    <subfield code="a">[6], 95 &#x441;.</subfield>
    <subfield code="d">23</subfield>
  </datafield>
  <datafield tag="700" ind1=" " ind2="1">
    <subfield code="a">&#x41A;&#x43E;&#x440;&#x436;</subfield>
    <subfield code="b">&#x41D;.&#x41B;.</subfield>
    <subfield code="f">1731-1835</subfield>
    <subfield code="g">&#x41D;&#x438;&#x43A;&#x438;&#x442;&#x430; &#x41B;&#x435;&#x43E;&#x43D;&#x442;&#x44C;&#x435;&#x432;&#x438;&#x447;</subfield>
  </datafield>
  <datafield tag="702" ind1=" " ind2="0">
    <subfield code="4">080</subfield>
    <subfield code="8">rus</subfield>
    <subfield code="7">ca</subfield>
    <subfield code="a">&#x413;&#x430;&#x432;&#x440;&#x438;&#x438;&#x43B;</subfield>
    <subfield code="c">&#x420;&#x43E;&#x437;&#x430;&#x43D;&#x43E;&#x432;, &#x412;&#x430;&#x441;&#x438;&#x43B;&#x438;&#x439; &#x424;&#x435;&#x434;&#x43E;&#x440;&#x43E;&#x432;&#x438;&#x447;</subfield>
    <subfield code="c">&#x430;&#x440;&#x445;&#x438;&#x435;&#x43F;&#x438;&#x441;&#x43A;&#x43E;&#x43F; &#x422;&#x432;&#x435;&#x440;&#x441;&#x43A;&#x43E;&#x439; &#x438; &#x41A;&#x430;&#x448;&#x438;&#x43D;&#x441;&#x43A;&#x438;&#x439;</subfield>
    <subfield code="f">1781-1858</subfield>
    <subfield code="3">RU\NLR\AUTH\7716455</subfield>
    <subfield code="9">126095</subfield>
  </datafield>
  <datafield tag="801" ind1=" " ind2="0">
    <subfield code="a">RU</subfield>
    <subfield code="b">NLR</subfield>
    <subfield code="g">psbo</subfield>
  </datafield>
  <datafield tag="801" ind1=" " ind2="0">
    <subfield code="a">RU</subfield>
    <subfield code="b">RuMoRGB</subfield>
    <subfield code="2">psbo</subfield>
  </datafield>
  <datafield tag="801" ind1=" " ind2="1">
    <subfield code="a">RU</subfield>
    <subfield code="b">ProSoft-M</subfield>
    <subfield code="2">rusmarc</subfield>
  </datafield>
  <datafield tag="852" ind1=" " ind2=" ">
    <subfield code="a">NLR</subfield>
    <subfield code="j">18.7.3.158</subfield>
  </datafield>
  <datafield tag="852" ind1=" " ind2=" ">
    <subfield code="a">NLR</subfield>
    <subfield code="b">&#x41C;&#x444;</subfield>
    <subfield code="j">&#x41A;1/11293</subfield>
  </datafield>
  <datafield tag="899" ind1=" " ind2=" ">
    <subfield code="a">RuMoRGB</subfield>
    <subfield code="j">F 17/28</subfield>
  </datafield>
  <datafield tag="899" ind1=" " ind2=" ">
    <subfield code="a">RuMoRGB</subfield>
    <subfield code="j">S 77/443</subfield>
  </datafield>
  <datafield tag="899" ind1=" " ind2=" ">
    <subfield code="a">RuMoRGB</subfield>
    <subfield code="j">U 301/398</subfield>
  </datafield>
  <datafield tag="899" ind1=" " ind2=" ">
    <subfield code="a">RuMoRGB</subfield>
    <subfield code="j">&#x41F;&#x440;&#x438;&#x43F;&#x43B;&#x435;&#x442; &#x43A; S 10/518</subfield>
  </datafield>
  <datafield tag="899" ind1=" " ind2=" ">
    <subfield code="a">RuMoRGB</subfield>
    <subfield code="j">&#x424; 1-54/476</subfield>
  </datafield>
  <datafield tag="899" ind1=" " ind2=" ">
    <subfield code="a">&#x411;&#x410;&#x41D;</subfield>
  </datafield>
  <datafield tag="899" ind1=" " ind2=" ">
    <subfield code="a">&#x413;&#x41F;&#x418;&#x411;</subfield>
  </datafield>
  <datafield tag="942" ind1=" " ind2=" ">
    <subfield code="c">BOOK</subfield>
  </datafield>
  <datafield tag="980" ind1=" " ind2=" ">
    <subfield code="a">NB</subfield>
  </datafield>
  <datafield tag="995" ind1=" " ind2=" ">
    <subfield code="5">2013-10-26</subfield>
    <subfield code="b">NLR02</subfield>
    <subfield code="c">NLR02</subfield>
    <subfield code="e">RFS</subfield>
    <subfield code="f">4433471-10</subfield>
    <subfield code="k">18.7.3.158</subfield>
    <subfield code="o">0</subfield>
    <subfield code="r">BOOK</subfield>
    <subfield code="s">1873158_</subfield>
  </datafield>
  <datafield tag="995" ind1=" " ind2=" ">
    <subfield code="5">2013-10-26</subfield>
    <subfield code="b">NLR01</subfield>
    <subfield code="c">NLR01</subfield>
    <subfield code="e">FM</subfield>
    <subfield code="f">4433471-20</subfield>
    <subfield code="k">&#x41C;&#x444; &#x41A;1/11293</subfield>
    <subfield code="o">0</subfield>
    <subfield code="r">BOOK</subfield>
    <subfield code="s">_111293</subfield>
  </datafield>
</record>
